Role of commercial banks in agricultural development (Record no. 19380)

MARC details
000 -LEADER
fixed length control field 00385nam a2200145Ia 4500
082 ## - DEWEY DECIMAL CLASSIFICATION NUMBER
Classification number TC.0061
100 ## - MAIN ENTRY--AUTHOR NAME
Personal name Chauhan, Dilip J.
245 #0 - TITLE STATEMENT
Title Role of commercial banks in agricultural development
260 ## - PUBLICATION, DISTRIBUTION, ETC. (IMPRINT)
Year of publication 1986
Name of publisher Sardar Patel University
300 ## - PHYSICAL DESCRIPTION
Number of Pages 443
650 ## - SUBJECT ADDED ENTRY--TOPICAL TERM
Topical Term Banks and banking
Geographic subdivision India
650 ## - SUBJECT ADDED ENTRY--TOPICAL TERM
Topical Term Agricultural credit
Geographic subdivision India
710 ## - ADDED ENTRY--CORPORATE NAME
Corporate name or jurisdiction name as entry element Pathak, M.J.
942 ## - ADDED ENTRY ELEMENTS (KOHA)
Koha item type Thesis
Source of classification or shelving scheme Dewey Decimal Classification
Holdings
Withdrawn status Lost status Damaged status Not for loan Home library Current library Date acquired Bill Date Full call number Accession Number Price effective from Koha item type
        NASSDOC Library NASSDOC Library 08/10/2004 2004-10-22 TC.0061 26044 18/04/2019 Thesis